David Bowie Songs - Sudden Death - Statistics

General Stats
  • This quiz has been taken 2,934 times
    2,899 since last reset
  • The average score is 5 of 20
Answers on the Grid
Answers color-coded by a green-red scale on the quiz's grid according to % correct below.
Ashes and Diamonds
Drive-In Thursday
John I'm Only Dancing
Space Odyssey
Golden Years
Yassassin
Frame
Major Tom
Rebel Rebel
The Bewlay Brothers
Cooks
Ziggy Starman
Suffragette City
The Thin White Duke
The Beautiful Ones
Station To Station
Song For Bob Warhol
Repetition
Heroes
Be My Wife
Boys Keep Swigging
D.G.
Beauty and the Beast
John I'm Only Dancing (Again)
Sorrow
The Light Pours Out Of Me
Chant of the Ever Circling Skeletal Family
Sailors Fighting In The Dance Hall
Always Crashing in the Same Car
Katowice
All The Way To Memphis
The Jean Genie
The Sky's Gone Out
Big Brother
Diamond Dogs
Young Australians
TVC 1984
We All Insane
Cracked Actor
Memory Of A Free Festival
 
Answer Stats
Answer % Correct
Rebel Rebel
65%
Golden Years
52%
Heroes
51%
Suffragette City
51%
John I'm Only Dancing
44%
Diamond Dogs
31%
The Jean Genie
31%
Station To Station
26%
John I'm Only Dancing (Again)
16%
Sorrow
16%
The Bewlay Brothers
15%
Yassassin
15%
Always Crashing in the Same Car
13%
Beauty and the Beast
13%
Be My Wife
13%
Cracked Actor
13%
Big Brother
9%
Chant of the Ever Circling Skeletal Family
7%
Memory Of A Free Festival
7%
Repetition
6%
No matching quizzes found
Score Distribution
Percent of People with Each Score
Percentile by Number Answered
Your Score History
You have not taken this quiz since the last reset